Booba - Discographie - Statistiques

Statistiques générales
  • Ce quiz a été pris 575 fois
  • Le résultat moyen est 52 sur 195
Statistiques - réponses
titre Temps mort % Correct
1 Temps mort
81%
5 Boulbi
73%
2 Le D.U.C
71%
1 D.U.C
69%
4 92i veyron
68%
3 Dolce Camara
68%
4 Trône
65%
9 Pitbull
64%
1 Tallac
64%
13 4G
63%
8 Kalash
63%
13 Petite fille
63%
12 Scarface
63%
16 Destinée
62%
7 5G
61%
17 3G
60%
8 Lunatic
58%
6 Ouest Side
56%
6 6G
55%
2 A.C. Milan
54%
15 E.L.E.P.H.A.N.T
54%
14 DKR
53%
2 Friday
53%
5 Validée
52%
15 0.9
50%
2 Saga
50%
10 Pinocchio
49%
12 Ultra
49%
1 | 5 Garcimore
48%
1 Walabock
48%
6 Attila
47%
4 Ma définition
46%
4 N°10
46%
5 Mona Lisa
43%
12 Ridin'
43%
11 113
41%
11 Comme une étoile
40%
2 Garde la pêche
40%
9 Génération assassin
39%
7 Le bitume avec une plume
39%
1 Centurion
38%
1 Intro
38%
7 Caramel
37%
3 Zer
37%
7 Charbon
36%
2 Talion
36%
3 Turfu
36%
1 Mauvais garçon
35%
16 Temps mort 2.0
35%
19 OKLM
34%
16 Future
33%
12 Maître Yoda
33%
6 Repose en paix
33%
2 Tony Sosa
33%
3 Drapeau noir
32%
9 Jour de paye
32%
8 Nougat
32%
12 Paradis
32%
11 Comme les autres
31%
2 Indépendants
31%
11 Jimmy
31%
7 Baby
30%
15 Paname
30%
4 Tombé pour elle
30%
8 U2K
30%
7 Killer
29%
16 Outro
29%
13 Pourvu Qu'Elles M'Aiment
29%
12 Au bout des rêves
28%
7 Ca va aller
28%
1 GP
28%
9 Mové lang
28%
1 Rebel
28%
14 Dernière fois
27%
12 Habibi
27%
4 Ma couleur
27%
9 A4
26%
8 Abidal
26%
9 L'olivier
26%
8 Salade Tomates Oignons
26%
5 Double poney
25%
9 Terrain
25%
10 VVV
25%
3 Wesh Morray
25%
11 100-8 Zoo
24%
3 B2Oba
24%
4 Bonne journée
24%
13 Grain de sable
24%
18 La mort leur va si bien
24%
10 LVMH
24%
4 Une vie
24%
8 Animals
23%
3 Bellucci
23%
3 Ecoute bien
23%
10 Interlude
23%
6 Magnifique
23%
6 Pirates
23%
1 2.0
22%
2 Azerty
22%
11 G-Love
22%
13 Rolex
22%
6 RTC
22%
12 Billets violets
21%
4 Boîte vocale
21%
5 Bouyon
21%
6 Mon pays
21%
3 RST
21%
4 Sport Billy
21%
8 T.L.T.
21%
7 92 izi
20%
9 Billets verts
20%
15 Couleur ébène
20%
17 Inédit
20%
5 Jusqu'ici tout va bien
20%
9 Benigni
19%
10 CVBSP
19%
13 Gun In Hand
19%
2 Izi Monnaie
19%
9 Mon Son
19%
15 Strass & paillettes
19%
8 Vue sur la mer
19%
4 A3
18%
5 Abracadabra
18%
10 Bakel City Gang
18%
10 Game Over
18%
3 Jimmy deux fois
18%
13 Nouvelle école
18%
18 Salside
18%
5 Signé
18%
13 Avant De Partir
17%
14 Jack Da
17%
17 Saddam Hauts-de-Seine
17%
12 Bâtiment C
16%
2 Caesar Palace
16%
5 Caracas
16%
4 Illégal
16%
10 A la folie
15%
11 Le météore
15%
1 Les derniers seront les premiers
15%
8 Ouais Ouais
15%
15 2PAC
14%
11 31
14%
10 Je me souviens
14%
6 Je sais
14%
8 La Faucheuse
14%
2 Maki Sall Music
14%
9 Sans ratures
14%
9 1.8.7
13%
5 Hors-Saison
13%
6 Izi Life
13%
19 Kojak
13%
8 Les meilleurs
13%
7 Longueur d'avance
13%
5 Parlons peu
13%
13 Ratpis
13%
14 Au fond de la classe
12%
2 Le Mal Par Le Mal
12%
15 Mr.Kopp
12%
7 Rats des villes
12%
6 Boss du rap game
11%
5 C'est la vie
11%
16 Felix Eboué
11%
7 GM
11%
4 Loin d'ici
11%
14 Marche Ou Crève
11%
10 O.G.
11%
12 R.A.S.
11%
14 De mauvaise augure
10%
17 JDC
10%
11 Pazalaza Pour Sazamu...
10%
7 King
9%
12 On m'a dit
9%
13 Pigeons
9%
11 Soldats
9%
1 G5-Intro
8%
15 Réel
8%
13 45 Scientifique
7%
7 All Set
7%
3 Commis D'Office
7%
6 La vie en rouge
7%
6 R.A.P.
7%
11 Vaisseau mère
7%
18 Fast Life
6%
8 Foetus
6%
3 Le Duc de Boulougne
6%
14 Tout c'quej'ai
6%
16 Me-ca
5%
10 Alter Ego
4%
9 Bad Boy Street
4%
14 Gangster
4%
16 Marche Ou Crève - Busy P Remix
4%
10 Si tu savais
4%
14 Top niveau
4%
3 Tout et tout d'suite
4%
Aucun quiz correspondant
Distribution des résultats
% des personnes avec chaque résultat
Percentile par nombre de réponses
Votre historique - résultats
Vous n’avez pas pris ce quiz